[Event "Side-show Bob season 2"]
[Site "SchemingMind.com"]
[Date "2015.10.24"]
[Round "-"]
[White "Robert Bruce"]
[Black "William Lindberg"]
[Result "0-1"]
[WhiteCountry "SCO"]
[BlackCountry "USA"]
[WhiteElo "2209"]
[WhiteRD "67"]
[BlackElo "2310"]
[BlackRD "68"]
[GameID "388924"]

1. c4 Nf6 2. d4 e6 3. Nc3 d5 4. cxd5 exd5 5. Bg5 Be7 6. e3 h6 7. Bh4 O-O 8. Bd3 c6 9. Qc2 c5 10. dxc5 Nbd7
11. Nge2 Nxc5 12. O-O-O Be6 13. Bxf6 Bxf6 14. Bc4 d4 15. exd4 Bxc4 16. dxc5 Qe7 17. Nd5 Qxe2 18. Rd2 Bxb2+ 19. Kb1 Qg4 20. f3 Qe6
21. Qxc4 Bf6 22. Re2 Qc6 23. Re7 Rad8 24. Nxf6+ Qxf6 25. Rxb7 Rd4 26. Qc2 Qa6 27. Rb3 Rfd8 28. Rb2 Rc4 29. Rd1 Rxd1+ 30. Qxd1 Rxc5
31. Rb8+ Kh7 32. g3 Qg6+ 33. Ka1 Qc6 34. Kb1 Qe6 35. f4 f5 36. Rb3 a5 37. Rb2 a4 38. Re2 Qc6 39. Rc2 Rb5+ 40. Rb2 Qe4+
41. Ka1 Rd5 42. Rd2 Rxd2 43. Qxd2 a3 44. Qd1 Qb4 45. Qc1 h5 46. h4 Qd4+ 47. Kb1 Qe4+ 48. Qc2 Qe1+ 49. Qc1 Qxg3 50. Kc2 Qxh4
51. Qd2 Qf6 52. Qd1 h4 53. Kb3 Qg6 54. Kxa3 Qg4 55. Qd2 h3 56. Kb4 Qh4 57. Qd3 h2 58. Qxf5+ Kh6 59. Qe6+ g6 60. Qe5 Qd8
61. Qa1 Qa8 62. Qf6 Qb7+ 63. Ka3 h1=Q
0-1

[Event "Side-show Bob season 2"]
[Site "SchemingMind.com"]
[Date "2015.10.24"]
[Round "-"]
[White "William Lindberg"]
[Black "Robert Bruce"]
[Result "1-0"]
[WhiteCountry "USA"]
[BlackCountry "SCO"]
[WhiteElo "2310"]
[WhiteRD "68"]
[BlackElo "2209"]
[BlackRD "67"]
[GameID "388925"]

1. e4 Nf6 2. e5 Nd5 3. c4 Nb6 4. Nf3 d6 5. d4 g6 6. Nc3 Bg7 7. Bf4 O-O 8. c5 dxc5 9. dxc5 N6d7 10. Qd4 b6
11. Rd1 Bb7 12. Bc4 bxc5 13. Qe3 e6 14. O-O Qc8 15. Bd3 Nc6 16. Be4 Rb8 17. b3 f5 18. exf6 Nxf6 19. Bh6 Ng4 20. Qxc5 Nxh6
21. Bxc6 Rf5 22. Bxb7 Rxc5 23. Bxc8 Rxc8 24. Ne4 Rc2 25. Rd2 Rxd2 26. Nexd2 Nf7 27. Re1 e5 28. g3 Rd8 29. Ne4 Rd3 30. Kg2 Nd6
31. Nfg5 Nxe4 32. Nxe4 Rd4 33. Re2 h6 34. f3 Bf8 35. Nc3 Rd3 36. Nb5 Bc5 37. Nxc7 Bb6 38. Nb5 Rd1 39. Na3 Bd4 40. Nc4 Kf7
41. Rd2 Rxd2+ 42. Nxd2 Ke6 43. Kf1 Kd5 44. Ke2 Bc3 45. Kd3 Bxd2 46. Kxd2 Kd4 47. h4 e4 48. f4 h5 49. Ke2 e3 50. b4 Ke4
51. a4 Kd4 52. b5 Ke4 53. a5 Kd5 54. b6 axb6 55. axb6
1-0

[Event "Side-show Bob season 2"]
[Site "SchemingMind.com"]
[Date "2015.10.24"]
[Round "-"]
[White "frankly"]
[Black "Robert Bruce"]
[Result "1-0"]
[WhiteCountry "ENG"]
[BlackCountry "SCO"]
[WhiteElo "2443"]
[WhiteRD "54"]
[BlackElo "2207"]
[BlackRD "66"]
[GameID "389084"]

1. d4 d5 2. Nf3 Nf6 3. c4 e6 4. Nc3 c5 5. cxd5 exd5 6. g3 h6 7. Bg2 Nc6 8. O-O Be6 9. b3 a6 10. Bb2 Be7
11. Na4 cxd4 12. Nxd4 O-O 13. Rc1 Nxd4 14. Qxd4 Qa5 15. e3 Rfd8 16. Qb6 Qb5 17. Rc7 Rd7 18. Rc2 Bf5 19. Rcc1 Ne4 20. f3 Nf6
21. Qxb5 axb5 22. Nb6 Rxa2 23. Bxf6 Bxf6 24. Nxd7 Bxd7 25. f4 d4 26. Rf2 Ra3 27. Rd2 Rxb3 28. exd4 Rb4 29. Kf1 Rc4 30. Rxc4 bxc4
31. Ke2 c3 32. Ra2 Bxd4 33. Kd3 Bf6 34. Ra7 Be6 35. Ra8+ Kh7 36. Bxb7 g5 37. Be4+ Kg7 38. Kc2 gxf4 39. gxf4 Bd4 40. Rd8 Bf6
41. Re8 Bd7 42. Ra8 Bd4 43. Kd3 Bf6 44. Ra5 Be8 45. Bd5 Bd7 46. Rc5 Kf8 47. Rc7 Bf5+ 48. Ke2 Bg6 49. f5 Bh5+ 50. Bf3 Bxf3+
51. Kxf3 Kg7 52. Ke4 Kg8 53. Rc6 Kg7 54. Kd5 c2 55. Rxc2 Be7 56. Ke5 Bf6+ 57. Kf4 Be7 58. Kg4 Bd6 59. h4 Be5 60. Rc6 Bf6
61. h5 Be5 62. Kf3 Bd4 63. Ke4 Bf6 64. Kd5 Bb2 65. Kc5 Be5 66. Kb6 Bf6 67. Kc7 Be7 68. Kd7 Bh4 69. Ke8 Bg5 70. Ra6 Bh4
71. Rd6 Bg5 72. Rd7 Kf6 73. Rxf7+ Ke5 74. Kf8 Bf6 75. Rc7
1-0

[Event "Side-show Bob season 2"]
[Site "SchemingMind.com"]
[Date "2015.10.24"]
[Round "-"]
[White "Robert Bruce"]
[Black "frankly"]
[Result "0-1"]
[WhiteCountry "SCO"]
[BlackCountry "ENG"]
[WhiteElo "2209"]
[WhiteRD "67"]
[BlackElo "2473"]
[BlackRD "55"]
[GameID "389085"]

1. c4 Nf6 2. g3 g6 3. Bg2 Bg7 4. Nf3 O-O 5. d4 d6 6. O-O Nbd7 7. Qc2 e5 8. Rd1 Qe7 9. Nc3 c6 10. e4 exd4
11. Nxd4 Re8 12. Bf4 Ne5 13. Qe2 a5 14. h3 a4 15. Be3 Ned7 16. f3 Nc5 17. Rd2 d5 18. cxd5 Nxd5 19. exd5 Qxe3+ 20. Qxe3 Rxe3
21. dxc6 a3 22. Nde2 bxc6 23. Rd8+ Bf8 24. bxa3 Nb7 25. Rd2 Rxa3 26. Ne4 Nc5 27. Nxc5 Bxc5 28. Kh2 Kg7 29. Rb1 Ba7 30. Nf4 Bf5
31. Rc1 Re5 32. Rxc6 Re1 33. Re2 Bg1+ 34. Kh1 Rb1 35. Rc4 Bb6+ 36. Kh2 Bd7 37. Rcc2 Bg1+ 38. Kh1 Bd4+ 39. Kh2 Ba4 40. Rcd2 Bg1+
41. Kh1 Be3+ 42. Kh2 Bxd2 43. Rxd2 Ra1 44. g4 R3xa2 45. Rxa2 Rxa2 46. Kg3 g5 47. Nd5 Ra3 48. Bf1 Bc6 49. Bc4 h5 50. gxh5 f5
51. Kg2 Bb7 52. Kf2 f4 53. Kg2 Ra4 54. Bb3 Rd4 55. Nb6 Rd2+ 56. Kg1 Rb2 57. Be6 Rxb6 58. Bg4 Ba6 59. Kf2 Rb2+ 60. Ke1 Kh6
61. Kd1 Rg2 62. Ke1 Be2
0-1

[Event "Side-show Bob season 2"]
[Site "SchemingMind.com"]
[Date "2015.10.23"]
[Round "-"]
[White "frankly"]
[Black "William Lindberg"]
[Result "1-0"]
[WhiteCountry "ENG"]
[BlackCountry "USA"]
[WhiteElo "2473"]
[WhiteRD "55"]
[BlackElo "2310"]
[BlackRD "68"]
[GameID "389086"]

1. d4 Nf6 2. Nf3 e6 3. c4 d5 4. Nc3 Be7 5. Bg5 O-O 6. e3 h6 7. Bh4 Nbd7 8. Rc1 c6 9. Bd3 dxc4 10. Bxc4 b5
11. Bd3 b4 12. Na4 Bb7 13. O-O Rc8 14. Nc5 Nxc5 15. dxc5 Qa5 16. a3 Rfd8 17. Nd4 Rd7 18. axb4 Qxb4 19. Rc4 Qa5 20. Qa1 Qd8
21. Rd1 a5 22. Rcc1 Nd5 23. Bxe7 Nxe7 24. Bc4 Nd5 25. b3 Qf6 26. Qxa5 Rcd8 27. Qe1 g6 28. Nf3 g5 29. h3 Kg7 30. b4 h5
31. Bxd5 Rxd5 32. Rxd5 Rxd5 33. Rd1 Rxd1 34. Qxd1 g4 35. hxg4 hxg4 36. Nd2 g3 37. Qg4+ Qg6 38. Qxg6+ Kxg6 39. Nc4 gxf2+ 40. Kxf2 Kf6
41. Na5 Ba8 42. Kf3 Ke5 43. Nc4+ Kf6 44. Nd6 e5 45. Ke4 Ke6 46. g4 f6 47. Kf3 Ke7 48. e4 Ke6 49. Kg2 Kd7 50. Kh3 Kc7
51. g5 fxg5 52. Kg4 Bb7 53. Nxb7 Kxb7 54. Kxg5 Kc7 55. Kf5 Kd7 56. Kxe5 Ke7 57. Kf5 Kf8 58. Kf6 Kg8 59. e5 Kf8 60. e6 Ke8
61. e7 Kd7 62. Kf7
1-0

[Event "Side-show Bob season 2"]
[Site "SchemingMind.com"]
[Date "2015.10.22"]
[Round "-"]
[White "William Lindberg"]
[Black "frankly"]
[Result "1/2-1/2"]
[WhiteCountry "USA"]
[BlackCountry "ENG"]
[WhiteElo "2310"]
[WhiteRD "68"]
[BlackElo "2473"]
[BlackRD "55"]
[GameID "389087"]

1. Nf3 Nf6 2. d4 d5 3. e3 Bf5 4. Bd3 Bxd3 5. cxd3 e6 6. O-O c5 7. dxc5 Bxc5 8. Nc3 Nc6 9. Bd2 O-O 10. Rc1 Rc8
11. Ne2 Bd6 12. Bc3 e5 13. h3 Re8 14. Qb3 Qd7 15. a3 a6 16. Rfd1 Rc7 17. Qa2 h6 18. b4 Qf5 19. Bb2 Rec8 20. e4 Qe6
21. Qb3 Ne7 22. Rxc7 Rxc7 23. Ng3 d4 24. Qxe6 fxe6 25. Rc1 a5 26. bxa5 Rxc1+ 27. Bxc1 Nd7 28. a6 bxa6 29. Kf1 Nc5 30. Ke2 Ng6
31. Nh5 Be7 32. Ne1 a5 33. Kd1 a4 34. Ng3 Nb3 35. Bb2 Kf7 36. Ne2 Bd6 37. Kc2 Ne7 38. Nc1 Na5 39. Nf3 Nec6 40. Nd2 Ke7
41. Ne2 Kd7 42. f4 exf4 43. Nxd4 Nxd4+ 44. Bxd4 e5 45. Bc3 Nc6 46. Nc4 g5 47. Kd1 h5 48. Ke2 g4 49. hxg4 hxg4 50. Nb6+ Ke6
51. Bb2 Na7 52. Nc4 Nb5 53. Nxd6 Nxd6 54. Kf2 Nb7 55. Kf1 Na5 56. Kf2 Kd6 57. Bc3 Nc6 58. Ke2 Ke7 59. Kf2 Kf6 60. Ba1 Ne7
61. Bc3 Ng6 62. g3 f3 63. Ba5 Ke6 64. Ke1 Nf8 65. Kf2 Kf7 66. Bc7 Ng6=
1/2-1/2

[Event "Side-show Bob season 2"]
[Site "SchemingMind.com"]
[Date "2015.10.29"]
[Round "-"]
[White "Lambik"]
[Black "frankly"]
[Result "1/2-1/2"]
[WhiteCountry "BEL"]
[BlackCountry "ENG"]
[WhiteElo "2410"]
[WhiteRD "83"]
[BlackElo "2443"]
[BlackRD "54"]
[GameID "389384"]

1. e4 c5 2. Nf3 Nc6 3. d4 cxd4 4. Nxd4 Nf6 5. Nc3 e5 6. Ndb5 d6 7. Bg5 a6 8. Na3 b5 9. Bxf6 gxf6 10. Nd5 f5
11. Bd3 Be6 12. O-O Bxd5 13. exd5 Ne7 14. Nxb5 Bg7 15. Nc3 e4 16. Bc4 Qc7 17. Qe2 Rg8 18. Bb3 Ng6 19. Qh5 Bxc3 20. bxc3 Qxc3
21. Qxf5 Kf8 22. g3 Qe5 23. Qh3 h5 24. Rae1 Nf4 25. Qd7 h4 26. Re3 Rg6 27. Kh1 Nh5 28. Qc6 Re8 29. Qc3 Qg5 30. Qh8+ Rg8
31. Qd4 Qh6 32. Ba4 Re7 33. Rc3 f5 34. Rc8+ Kf7 35. Rxg8 Kxg8 36. Qe3 Kh7 37. c4 Rc7 38. Bd1 hxg3 39. Qxh6+ Kxh6 40. fxg3 Nf6
41. Be2 Kg6 42. Rb1 Nd7 43. h4 Kf6 44. Kg2 a5 45. h5 Ke5 46. Kh3 Nf6 47. Kh4 Rg7 48. Rb6 f4 49. gxf4+ Kf5 50. Rxd6 Rg2
51. Bf1 Rg4+ 52. Kh3 Nxh5 53. Kh2 Nxf4 54. Bh3 Nxh3=
1/2-1/2

[Event "Side-show Bob season 2"]
[Site "SchemingMind.com"]
[Date "2015.10.28"]
[Round "-"]
[White "frankly"]
[Black "Lambik"]
[Result "1/2-1/2"]
[WhiteCountry "ENG"]
[BlackCountry "BEL"]
[WhiteElo "2473"]
[WhiteRD "55"]
[BlackElo "2371"]
[BlackRD "87"]
[GameID "389385"]

1. d4 Nf6 2. Nf3 g6 3. c4 Bg7 4. g3 O-O 5. Bg2 d6 6. O-O Re8 7. Nc3 Nbd7 8. e4 e5 9. b3 c6 10. h3 exd4
11. Nxd4 Nc5 12. Re1 Qa5 13. Bb2 Qb6 14. Rb1 Nfd7 15. Nc2 Ne5 16. Re3 Be6 17. Kh2 Qc7 18. Ne2 f6 19. f4 Ned7 20. Qd2 Nb6
21. Rd1 Bxc4 22. Qxd6 Qxd6 23. Rxd6 Bf7 24. Ba3 Ne6 25. Rd2 Bf8 26. Bxf8 Kxf8 27. Nc3 Rad8 28. Red3 Rxd3 29. Rxd3 g5 30. fxg5 fxg5
31. Ne3 Nc5 32. Rd2 Bg6 33. Nf5 Bxf5 34. exf5 Re3 35. Nd1 Rd3 36. Rxd3 Nxd3 37. g4 Nd7 38. Kg3 Nf6 39. Bf3 Ke7 40. h4=
1/2-1/2

[Event "Side-show Bob season 2"]
[Site "SchemingMind.com"]
[Date "2015.10.29"]
[Round "-"]
[White "Lambik"]
[Black "Robert Bruce"]
[Result "1-0"]
[WhiteCountry "BEL"]
[BlackCountry "SCO"]
[WhiteElo "2410"]
[WhiteRD "83"]
[BlackElo "2207"]
[BlackRD "66"]
[GameID "389386"]

1. e4 e5 2. Nf3 Nc6 3. Bb5 Nd4 4. Nxd4 exd4 5. O-O Bc5 6. Re1 Ne7 7. Qh5 Bb6 8. d3 O-O 9. Nd2 d6 10. Nf3 f6
11. Bc4+ Kh8 12. a4 a5 13. b3 Qe8 14. Qxe8 Rxe8 15. Bb2 c5 16. c3 dxc3 17. Bxc3 Nc6 18. Nd2 Nb4 19. Bb5 Re7 20. Nc4 Bc7
21. Ne3 Be6 22. Bc4 Bxc4 23. dxc4 Rxe4 24. Bxb4 axb4 25. Nd5 Rxe1+ 26. Rxe1 Ba5 27. Re7 b6 28. Rd7 Kg8 29. Rxd6 Kf8 30. Kf1 Ke8
31. Ke2 Ra7 32. h4 Rd7 33. Re6+ Kf7 34. Rc6 Rd8 35. h5 Re8+ 36. Kd2 Re4 37. h6 gxh6 38. Rxf6+ Kg7 39. Rd6 Rd4+ 40. Ke2 Re4+
41. Ne3 Rf4 42. g3 Rf6 43. Rd7+ Rf7 44. Nf5+ Kf6 45. Rxf7+ Kxf7 46. Nxh6+ Kf6 47. f4 Kg6 48. Ng4 Kg7 49. Ne5 Kf6 50. Nc6 Ke6
51. g4 Kd6 52. Nxa5 bxa5 53. Ke3 Kd7 54. Ke4 Kd6 55. g5 Ke6 56. f5+ Kd6 57. g6
1-0

[Event "Side-show Bob season 2"]
[Site "SchemingMind.com"]
[Date "2015.11.02"]
[Round "-"]
[White "Robert Bruce"]
[Black "Lambik"]
[Result "0-1"]
[WhiteCountry "SCO"]
[BlackCountry "BEL"]
[WhiteElo "2207"]
[WhiteRD "66"]
[BlackElo "2410"]
[BlackRD "83"]
[GameID "389387"]

1. f4 e5 2. fxe5 d6 3. exd6 Bxd6 4. Nf3 g5 5. g3 g4 6. Nh4 Ne7 7. d4 Ng6 8. Nxg6 hxg6 9. Qd3 Nc6 10. c3 Bf5
11. e4 Qe7 12. Bg2 O-O-O 13. Be3 Be6 14. e5 Bxe5 15. Bxc6 Bd6 16. Bg2 Rde8 17. Qe4 f5 18. Qxb7+ Kd8 19. c4 f4 20. c5 Bc8
21. Qb3 Qg7 22. gxf4 Bxf4 23. Qd5+ Qd7 24. Nc3 Bxe3 25. Ne2 Qxd5 26. Bxd5 Ba6 27. Kd1 Ref8 28. b3 Rf2 29. Bc4 Rhxh2 30. Rxh2 Rxh2
31. Bxa6 Rh1+ 32. Kc2 Rxa1 33. a4 c6 34. Kc3 g5 35. Bd3 Bf4 36. Be4 Ra2 37. Nxf4 gxf4 38. Bxc6 g3 39. Kc4 g2 40. Bxg2 Rxg2
0-1

[Event "Side-show Bob season 2"]
[Site "SchemingMind.com"]
[Date "2015.10.29"]
[Round "-"]
[White "Lambik"]
[Black "William Lindberg"]
[Result "1-0"]
[WhiteCountry "BEL"]
[BlackCountry "USA"]
[WhiteElo "2410"]
[WhiteRD "83"]
[BlackElo "2300"]
[BlackRD "67"]
[GameID "389388"]

1. e4 e5 2. Nf3 Nc6 3. Bb5 Nf6 4. O-O Be7 5. Re1 d6 6. d4 exd4 7. Nxd4 Bd7 8. Nxc6 Bxc6 9. Bxc6+ bxc6 10. Nc3 O-O
11. Qd3 Ng4 12. Qe2 Qd7 13. h3 Ne5 14. Be3 Ng6 15. Qc4 a5 16. Rad1 Rab8 17. b3 Bf6 18. Na4 Ne5 19. Qe2 Qe7 20. c4 Ng6
21. c5 Rfd8 22. cxd6 cxd6 23. Qa6 c5 24. Qxa5 h6 25. Qd2 Qe5 26. f3 Bh4 27. Re2 Bg3 28. Nc3 Nf4 29. Bxf4 Bxf4 30. Qd3 Qg5
31. Nd5 Be5 32. Qd2 Qh4 33. f4 Bd4+ 34. Kh2 Rd7 35. b4 Ra7 36. Qc2 Rba8 37. b5 Qd8 38. b6 Rb7 39. Rb1 Ra5 40. Rd2 h5
41. Qc4 Qa8 42. Rc1 Ra4 43. Qb5 Ra5 44. Qc6 Qb8 45. a4 Kh7 46. Rb1 h4 47. Rc2 Qa8 48. Ra2 Qa6 49. Qc8 g6 50. Qc6 Kg7
51. Rd1 Qa8 52. e5 dxe5 53. Qf6+ Kg8 54. Ne7+ Rxe7 55. Qxe7 Kg7 56. Rxd4 cxd4 57. b7 Qg8 58. Rc2 Ra8 59. Qxe5+ Kh7 60. bxa8=Q Qxa8
61. Qxd4 Qb8 62. Qf6 Qe8 63. Rd2 Qh8 64. Qxh4+ Kg7 65. Qxh8+ Kxh8 66. a5 Kg7 67. a6 g5 68. a7
1-0

[Event "Side-show Bob season 2"]
[Site "SchemingMind.com"]
[Date "2015.10.28"]
[Round "-"]
[White "William Lindberg"]
[Black "Lambik"]
[Result "1/2-1/2"]
[WhiteCountry "USA"]
[BlackCountry "BEL"]
[WhiteElo "2281"]
[WhiteRD "67"]
[BlackElo "2395"]
[BlackRD "86"]
[GameID "389389"]

1. d4 Nf6 2. Nf3 g6 3. Bg5 Bg7 4. Nc3 d5 5. e3 Ne4 6. Nxe4 dxe4 7. Nd2 h5 8. Bb5+ c6 9. Be2 Bf5 10. c3 Nd7
11. h3 Bf6 12. Bf4 e5 13. Bh2 Qe7 14. O-O Nb6 15. Qc2 exd4 16. cxd4 Nd5 17. a3 Kf8 18. Nb3 Kg7 19. Rac1 h4 20. Nc5 Rhd8
21. Bc4 Rac8 22. b4 b6 23. Nb3 Nc7 24. Be2 Nb5 25. Qb2 Be6 26. a4 Nd6 27. Ba6 Rc7 28. Nd2 Bd5 29. Nb1 c5 30. bxc5 bxc5
31. Qc2 Rc6 32. Bb5 Rcc8 33. dxc5 Nb7 34. c6 Bxc6 35. Bxc6 Na5 36. Qxe4 Nxc6 37. Nc3 Nb4 38. Qxe7 Bxe7 39. Nb5 Nd3 40. Rxc8 Rxc8
41. Rd1 Rc2 42. f3 Nc5 43. a5 a6 44. Nc7 Nb3 45. e4 Nxa5 46. Nxa6 g5 47. Be5+ f6 48. Rd7 Rc1+ 49. Kh2 Kf8 50. Bd6 Bxd6+
51. Rxd6 Ke7 52. Rd5 Nc4 53. Rd3 Ne5 54. Rd2 Nc4 55. Rd3 Ne5= 56. Rb3 f5 57. exf5 Rc2 58. Nb4 Rd2 59. Re3 Kf6 60. Kg1 Kxf5
61. Kf1 Rd1+ 62. Re1 Rxe1+ 63. Kxe1 g4 64. fxg4+ Nxg4 65. Ke2 Ne5 66. Nd3 Nxd3=
1/2-1/2

[Event "Side-show Bob season 2"]
[Site "SchemingMind.com"]
[Date "2015.10.30"]
[Round "-"]
[White "GBEDARD"]
[Black "frankly"]
[Result "0-1"]
[WhiteCountry "USA"]
[BlackCountry "ENG"]
[WhiteElo "2029"]
[WhiteRD "64"]
[BlackElo "2453"]
[BlackRD "56"]
[GameID "389397"]

1. e4 c5 2. Nf3 Nc6 3. d4 cxd4 4. Nxd4 Nf6 5. Nc3 e5 6. Ndb5 d6 7. Bg5 a6 8. Na3 b5 9. Nd5 Be7 10. Bxf6 Bxf6
11. c4 b4 12. Nc2 a5 13. Qf3 Rb8 14. Be2 Bg5 15. O-O Be6 16. Rad1 O-O 17. Qd3 h6 18. Bh5 Ne7 19. f4 exf4 20. Nxf4 Qb6+
21. Nd4 Nc6 22. c5 Qxc5 23. Nd5 Bxd5 24. exd5 Qxd4+ 25. Qxd4 Nxd4 26. Rd3 b3 27. Kh1 bxa2 28. Rxd4 Rxb2 29. Rdd1 Bf6 30. Bf3 Rb4
31. Be2 Ra4 32. Rxf6 gxf6 33. Ra1 Rb8 34. Bd3 Rab4 35. g3 Rb1+ 36. Rxb1 Rxb1+
0-1

[Event "Side-show Bob season 2"]
[Site "SchemingMind.com"]
[Date "2015.10.30"]
[Round "-"]
[White "frankly"]
[Black "GBEDARD"]
[Result "1-0"]
[WhiteCountry "ENG"]
[BlackCountry "USA"]
[WhiteElo "2453"]
[WhiteRD "56"]
[BlackElo "2029"]
[BlackRD "64"]
[GameID "389398"]

1. d4 Nf6 2. Nf3 e6 3. c4 c5 4. d5 exd5 5. cxd5 d6 6. Nc3 g6 7. Nd2 Bg7 8. e4 O-O 9. Be2 Na6 10. O-O Nc7
11. a4 b6 12. Re1 Re8 13. h3 Bd7 14. Bd3 Bh6 15. Nc4 Bxc1 16. Qxc1 Bc8 17. Qf4 Ba6 18. Nxd6 Bxd3 19. e5 Rf8 20. exf6 Ne8
21. Rxe8 Rxe8 22. Nb7 Re4 23. Nxe4 Qf8 24. Ned6 Ba6 25. Re1 Bxb7 26. Nxb7 Re8 27. Rxe8 Qxe8 28. d6 Qe1+ 29. Kh2
1-0

[Event "Side-show Bob season 2"]
[Site "SchemingMind.com"]
[Date "2015.10.31"]
[Round "-"]
[White "GBEDARD"]
[Black "Robert Bruce"]
[Result "0-1"]
[WhiteCountry "USA"]
[BlackCountry "SCO"]
[WhiteElo "2029"]
[WhiteRD "64"]
[BlackElo "2265"]
[BlackRD "67"]
[GameID "389399"]

1. e4 c6 2. d4 d5 3. Nc3 dxe4 4. Nxe4 Bf5 5. Ng3 Bg6 6. h4 h6 7. Nf3 Nd7 8. h5 Bh7 9. Bd3 Bxd3 10. Qxd3 e6
11. Bf4 Qa5+ 12. Bd2 Bb4 13. c3 Be7 14. c4 Qc7 15. O-O-O Ngf6 16. Kb1 O-O 17. Qc2 a5 18. Rh4 a4 19. Rdh1 b6 20. Ne4 a3
21. Nxf6+ Nxf6 22. b3 Rfd8 23. g4 Nh7 24. R4h3 c5 25. Ne5 Rxd4 26. Nxf7 Kxf7 27. Bxh6 Bf6 28. Bc1 Rxg4 29. Qxh7 Qe5 30. Kc2 Rh8
31. Qxh8 Qe2+ 32. Bd2 Rd4 33. Rd1 Qe4+ 34. Kc1 Rxc4+
0-1

[Event "Side-show Bob season 2"]
[Site "SchemingMind.com"]
[Date "2015.10.30"]
[Round "-"]
[White "Robert Bruce"]
[Black "GBEDARD"]
[Result "1-0"]
[WhiteCountry "SCO"]
[BlackCountry "USA"]
[WhiteElo "2265"]
[WhiteRD "67"]
[BlackElo "2029"]
[BlackRD "64"]
[GameID "389400"]

1. c4 Nf6 2. g3 c6 3. Bg2 d5 4. Nf3 dxc4 5. O-O Nbd7 6. Na3 Nb6 7. Qc2 Be6 8. Ng5 Bg4 9. Nxc4 Bxe2 10. Ne5 Bh5
11. Re1 h6 12. Ne4 e6 13. Nxf6+ gxf6 14. Bxc6+ bxc6 15. Qxc6+ Qd7 16. Nxd7
1-0

[Event "Side-show Bob season 2"]
[Site "SchemingMind.com"]
[Date "2015.10.30"]
[Round "-"]
[White "William Lindberg"]
[Black "GBEDARD"]
[Result "1-0"]
[WhiteCountry "USA"]
[BlackCountry "USA"]
[WhiteElo "2310"]
[WhiteRD "68"]
[BlackElo "2035"]
[BlackRD "65"]
[GameID "389402"]

1. Nf3 Nf6 2. d4 e6 3. Bf4 c5 4. e3 b6 5. Nc3 d5 6. Nb5 Nc6 7. Nc7+ Kd7 8. Nxa8 Bd6 9. Ne5+ Bxe5 10. dxe5 Ne8
11. c4 d4 12. exd4 cxd4 13. b4 Bb7 14. b5 Bxa8 15. bxc6+ Kc8 16. Qf3 Kc7 17. c5 Bxc6 18. cxb6+ Kd7 19. Qa3 Qxb6 20. Rd1 Nc7
21. Be3 Nb5 22. Bxb5 Qxb5 23. Rxd4+ Kc8 24. Rb4 Qxe5 25. O-O Rd8 26. Qxa7 Rd7 27. Qa6+ Kd8 28. Qxc6 Qd5 29. Bb6+ Ke7 30. Qa4 Qh5
31. Rc1 Rd5 32. Bc5+ Rxc5 33. Qa7+ Kf6 34. Qxc5 Qg5 35. Qxg5+
1-0